000
00237nam a22000977a 4500
999
_c
153931
_d
153931
082
_a
_b
245
_a
Solved papers up to 2012 SBI & associates clerical cadre recruitment exam/
260
_a
_b
Arihant,
_c
650
_a
942
_c
BK